Capital markets : (Record no. 206512)

MARC details
000 -LEADER
fixed length control field 00792nam a2200253Ia 4500
003 - CONTROL NUMBER IDENTIFIER
control field OSt
005 - DATE AND TIME OF LATEST TRANSACTION
control field 20220131155012.0
008 - FIXED-LENGTH DATA ELEMENTS--GENERAL INFORMATION
fixed length control field 210716s2009 xx 000 0 und d
020 ## - INTERNATIONAL STANDARD BOOK NUMBER
International Standard Book Number 9788131719794
040 ## - CATALOGING SOURCE
Transcribing agency AIMIT LIBRARY
041 ## - LANGUAGE CODE
Language code of text/sound track or separate title eng
082 ## - DEWEY DECIMAL CLASSIFICATION NUMBER
Classification number 332.1
Edition number 3
Item number FABF
100 ## - MAIN ENTRY--PERSONAL NAME
Personal name Fabozzi, Frank J.
9 (RLIN) 15253
245 ## - TITLE STATEMENT
Title Capital markets :
Remainder of title institutions and instruments /
Statement of responsibility, etc. By Frank J Fabozzi, Franco Modigliani and Frank J Jones.
250 ## - EDITION STATEMENT
Edition statement 3rd ed.
260 ## - PUBLICATION, DISTRIBUTION, ETC.
Place of publication, distribution, etc. New Delhi:
Name of publisher, distributor, etc. Pearson Education
Date of publication, distribution, etc. 2008.
300 ## - PHYSICAL DESCRIPTION
Extent 656p. ;
Dimensions 25cm.
650 ## - SUBJECT ADDED ENTRY--TOPICAL TERM
Topical term or geographic name entry element Risk and return theories
9 (RLIN) 15254
650 ## - SUBJECT ADDED ENTRY--TOPICAL TERM
Topical term or geographic name entry element Derivatives markets
9 (RLIN) 15255
650 ## - SUBJECT ADDED ENTRY--TOPICAL TERM
Topical term or geographic name entry element the equity market
9 (RLIN) 15256
700 ## - ADDED ENTRY--PERSONAL NAME
Personal name Modigliani, Franco.
9 (RLIN) 15257
700 ## - ADDED ENTRY--PERSONAL NAME
Personal name Jones, Frank J.
9 (RLIN) 15258
942 ## - ADDED ENTRY ELEMENTS (KOHA)
Source of classification or shelving scheme Dewey Decimal Classification
Koha item type Book
Edition 3
Call number prefix 332.1 FABF
Holdings
Withdrawn status Lost status Source of classification or shelving scheme Damaged status Not for loan Collection code Home library Current library Date acquired Inventory number Total Checkouts Full call number Barcode Date last seen Price effective from Koha item type
    Dewey Decimal Classification     MBA St Aloysius Institute of Management & Information Technology St Aloysius Institute of Management & Information Technology 07/16/2021 Bill no:; Bill dt:1900-01-00   332.1 FABF MBA09078 05/23/2026 07/16/2021 Book